Statistics for Six - SIX The Musical - Lyrics

Click here to take the quiz!

General Stats

  • This quiz has been taken 326 times
  • The average score is 203 of 426

Answer Stats

CharacterAnswer% Correct
a
81%
I
79%
my
73%
no
69%
"No
69%
Catherine Of AragonHe
66%
be
65%
on
65%
on,
65%
the
65%
The
65%
the-
65%
an
63%
one
63%
to
63%
We
62%
we
62%
I'm
61%
of
61%
do
60%
P
60%
Way"
60%
we're
60%
were
60%
We're
60%
where
60%
Anna Of ClevesIn
59%
in
59%
was
59%
and
58%
And
58%
said
56%
six
56%
six,
56%
SIX
56%
down
55%
is
55%
but
54%
But
54%
For
53%
for
53%
got
53%
knee,
53%
our
53%
years
53%
all
52%
All
52%
me
52%
minute
52%
You
52%
kind,
51%
So
51%
five
50%
five,
50%
man
50%
moved
50%
nunnery
50%
"Who
50%
his
49%
His
49%
it
49%
Anne BoleynHenry
48%
many
48%
more
48%
son,
48%
about
47%
At
47%
bags
47%
fire
47%
green
47%
now
47%
Now,
47%
Now
47%
Packed
47%
Too
47%
choir,
46%
gospel
46%
Joined
46%
poem
46%
sleeves
46%
stay
46%
beat
45%
changed
45%
lost
45%
minutes
45%
sent
45%
sick
45%
category
44%
crown
44%
free
44%
glory
44%
gonna
44%
into
44%
know
44%
put
44%
take
44%
first
43%
history
43%
lyrics
43%
song
43%
top
43%
us
43%
charts
42%
couple
42%
just
42%
Stones!
42%
writing
42%
blew
41%
call
41%
well
41%
words,
41%
band
40%
grown
40%
kidding
40%
mind,
40%
next
40%
quite
40%
riffs
40%
called
39%
could
39%
their
39%
Trapps
39%
known
38%
Royal-ing
38%
that
38%
Von
38%
family's
37%
made
37%
signed
37%
Tudor
37%
show,
36%
perhaps
35%
Jane SeymourSince
35%
two,
35%
every
34%
QueensHaus
34%
crowning
33%
Holbein!
33%
Shakesy
33%
die
32%
need
32%
Anna Of ClevesWhat
32%
cost
31%
Everybody
31%
everybody
31%
face,
31%
him?
31%
hometown
31%
them
31%
shame,
30%
story
30%
try?"
30%
yeah,
30%
how
29%
like
29%
Katherine HowardMusic
29%
"Bye"!
28%
sing
28%
I'll
27%
love
27%
needs
27%
party
27%
showed
27%
three,
27%
tour
27%
gets
26%
give
26%
mates
25%
out
25%
super
25%
until
25%
can
24%
four,
24%
Prussia,
24%
thought
24%
don't
23%
tried
23%
your
23%
arty
22%
chicks
22%
Catherine ParrHeard
22%
remix
22%
went
22%
each
21%
rocking
21%
these
21%
learned
20%
album
19%
end
19%
everything
19%
up
19%
wives
19%
Woah
19%
woah
19%
found
18%
It's
18%
Loved
18%
laid
17%
prefix
15%
used
15%
historemix
14%
knows
14%
switched
13%
say
12%
sure,
12%
before
11%
certain
11%
curtain
11%
flow
11%
nothing
11%
Nothing
11%
want
11%
drop
10%
oh-oh
5%

Score Distribution

Percentile by Number Answered

Percent of People with Each Score

Your Score History

You have not taken this quiz